Contabilidad Gerencial y Presupuestaria. Bajo Normas Internacionales de Contabilidad y Normas Internacionales de Información Financiera. Aplicada a las ciencias económicas, administrativas y contables.
সংরক্ষণ করুন:
| প্রধান লেখক: | |
|---|---|
| বিন্যাস: | অজ্ঞাত |
| ভাষা: | ইংরেজি |
| প্রকাশিত: |
Bogotá, Colombia:
Ediciones de la U,
2017.
|
| সংস্করন: | 2da. Edición. |
| মালা: | Contabilidad y Finanzas.
|
| বিষয়গুলি: | |
| ট্যাগগুলো: |
ট্যাগ যুক্ত করুন
কোনো ট্যাগ নেই, প্রথমজন হিসাবে ট্যাগ করুন!
|
MARC
| LEADER | 00000 a2200000 4500 | ||
|---|---|---|---|
| 003 | CL-VaPUC | ||
| 005 | 20231004095959.0 | ||
| 008 | 230926t2017 ||||| |||| 00| 0 eng d | ||
| 999 | |c 441572 |d 441570 | ||
| 020 | |a 978-958-762-722-0 | ||
| 040 | |c Pontificia Universidad Católica de Valparaíso | ||
| 082 | |2 22 |a 657.42 CAN 2017 | ||
| 100 | |a Cano Morales, Abel |9 884172 |e autor | ||
| 245 | |a Contabilidad Gerencial y Presupuestaria. |b Bajo Normas Internacionales de Contabilidad y Normas Internacionales de Información Financiera. Aplicada a las ciencias económicas, administrativas y contables. | ||
| 250 | |a 2da. Edición. | ||
| 260 | |a Bogotá, Colombia: |b Ediciones de la U, |c 2017. | ||
| 300 | |a 379 páginas. | ||
| 490 | |a Contabilidad y Finanzas. | ||
| 583 | |k GC |c 20230926 | ||
| 650 | 0 | |9 402349 |a Contabilidad administrativa |x Conceptos básicos |x Costos y presupuestos | |
| 650 | 0 | |9 263747 |a Contabilidad gerencial |x Gestión y administración | |
| 650 | 0 | |9 261063 |a Costos |x Planeación y control | |
| 942 | |2 ddc |c BK | ||
| 952 | |0 0 |1 0 |2 ddc |4 0 |6 657_420000000000000_CAN_2017 |7 0 |8 A |9 591670 |a BIBEDU |b BIBEDU |c GEN |d 2023-09-25 |e 3 |g 20234.00 |i 5658774 |o 657.42 CAN 2017 |p 5658774 |r 2025-01-22 |t 1 |v 20234.00 |w 2023-09-25 |y BK |k MLG | ||